Music Quiz

Random Music Quiz

Thiago Silva Lyrics Quiz Stats

 Plays Quiz not verified by Sporcle

Score 0/104 Timer 10:00
0 Plays Today
Hint Answer % Correct
Santan from the V-V x AJ
92.3%
True say, I ain't really a drinker
61.5%
But I got love for brandy like Ray J
53.8%
Mad mystic with the pen like J.K
46.2%
Champagne popper, .44 chopper
38.5%
Half-heart MC dropper
23.1%
AJ from the l-l x Santan
23.1%
AJ Tizzy from T-H-E lizzy
23.1%
And I'm all out for the Lizzy
23.1%
In the black Nike bomber, heartbeat stopper
15.4%
Now we get money, music money
15.4%
White tee, Balenciagas, man bag
15.4%
.45 wapper, leave you in the states like Kaká
7.7%
Man's got style on the riddim like Gangnam
7.7%
Money that could put your girlfriend in a handbag
7.7%
I don't wanna look like you, you're broke
7.7%
Still brandy but the hand ting fizzy
7.7%
Probs be in bin if a man weren't busy
7.7%
I'm a mic king, I'm a king on the mic
7.7%
And I'll spin bruddas 'til the whole scene gets dizzy
7.7%
Walk in the rave, smile on my face
7.7%
Drink in my cup, hand in my jeans
7.7%
Walk in the dance, chicks wanna glance
7.7%
Hand on my hip, shank for the dip
7.7%
Better tie up your laces tight and don't trip
7.7%
Trip, get splashed
7.7%
Couldn't care less about my man's gang
7.7%
You'll get tanned and binned, cock, then blam
7.7%
Tell a boy cotch, my man's telling me lots
7.7%
Trust me, darg, you can go there too
7.7%
Trust me, darg, you can go there free
7.7%
NikeLab tracksuit, Nike ID
7.7%
Pretty sure I landed a bang to his teeth
7.7%
Not my bredrin, banged in the face by me
7.7%
And me
7.7%
Hint Answer % Correct
Walk in the rave, smile on my face
7.7%
Drink in my cup, hand in my jeans
7.7%
Walk in the dance, chicks wanna glance
7.7%
Hand on my hip, shank for the dip
7.7%
Better tie up your laces tight and don't trip
7.7%
Trip, get splashed
7.7%
Couldn't care less about my man's gang
7.7%
You'll get tanned and binned, cock, then blam
7.7%
Two young bruddas tryna eat off of music
0%
But we used to eat off of pebs and the sand bags
0%
Left-winger with a long stick like a granddad
0%
And I've been telling broke bruddas 'move' like Grizzy
0%
Man talk tough, man look up, down, left, right
0%
Straight to a bang in the teeth
0%
Man still talk tough, man saw man in the flesh
0%
Now man's tryna talk to my G's
0%
Nah, none of that, none, .45 drum
0%
Run you right out of your street
0%
If I shout 'oi', them man there best skip
0%
We're not fam, we're not friends or bredrins
0%
Santan Dave from the Vale and Tracey
0%
Duck man down on the road, I'm pacey
0%
Two lighties on the phone, so facety
0%
One named Jordan and one named Stacey
0%
S with the S from the S, ask Showkey
0%
Dust man down with a mask like Tobi
0%
But we are not G's so don't watch my face
0%
Ladbroke Grove is where I re- who?
0%
Man get burst up in the G- who?
0%
Came back with a fresh one, it's new
0%
Don't come around for a two of the blue
0%
I don't give a **** if you're old or new
0%
I'll just yawn like 'blackball who?'
0%
Put a couple dead MC's in the grave
0%
I don't ever watch F-A-C-E
0%
Hint Answer % Correct
AJT from MTP
0%
Man got overly **** in the beef
0%
Man will get banged in the face by me
0%
Man talk tough, we'll see
0%
Hit him with the left-right, left-right, left-right-right
0%
One jab, then I duck, then weave
0%
Come like Trevor from GTA
0%
If I bang man's face, man bop, then lean
0%
Kun Aguero, man dropped the shoulder feint once
0%
Quick kick then I drop man's G
0%
First time I link her, Nando's, sweet
0%
£9.95, I swipe, then eat
0%
I one-two rap, she don't give hat
0%
Thiago Silva, man block, then skeet
0%
Had man screaming 'look, there's my man'
0%
Hand in my pouch like 'where? It's not me'
0%
Hand in my pouch like 'where? It's not us'
0%
Turned to my G like 'where? It's not we'
0%
So if you get boom with the .45 long
0%
It's a critical hit, no chance to repeat
0%
And if you see Arge in the cut with the dip
0%
You're pissed so quick your team should retreat
0%
But if you see Juss in the cut with his right hand tucked
0%
You're ****, your team should leave, G
0%
If you see Rapz in the back with his hand in the bag
0%
It's mad, we came to see Ps
0%
Man talk tough, man look up, down, left, right
0%
Straight to a bang in the teeth
0%
Man still talk tough, man saw man in the flesh
0%
Now man's tryna talk to my G's
0%
Nah, none of that, none, .45 drum
0%
Run you right out of your street
0%
If I shout 'oi', them man there best skip
0%
We're not fam, we're not friends or bredrins
0%

You're not logged in!

Compare scores with friends on all Sporcle quizzes.
OR
Log In

Sporcle TV

Today on Sporcle TV


Watch our educational content, quiz creation guides, and fun videos on Sporcle TV.

Show Comments

Extras

Created Sep 1, 2019ReportNominate

Top Quizzes Today


Score Distribution

Your Account Isn't Verified!

In order to create a playlist on Sporcle, you need to verify the email address you used during registration. Go to your Sporcle Settings to finish the process.

Report this User

Report this user for behavior that violates our Community Guidelines.

Details: